Účinek vnějších vztahů na rozvoj čs. ekonomiky

Gespeichert in:
Bibliographische Detailangaben
1. Verfasser: Čížkovský, Milan
Format: Buch
Sprache:Tschechisch
Veröffentlicht: Praha Ústav pro ekonomiku a řízení vědeckotechnického rozvoje 1983
Tags: Tag hinzufügen
Keine Tags, Fügen Sie das erste Tag hinzu!

MARC

LEADER 00000nam a2200000 4500
001 c132242
005 20251111084920.7
041 0 |a cze 
044 |a CZ 
245 1 0 |a Účinek vnějších vztahů na rozvoj čs. ekonomiky  |c Milan Čížkovský 
264 1 |a Praha  |b Ústav pro ekonomiku a řízení vědeckotechnického rozvoje  |c 1983 
300 |a 79 s. 
100 1 |a Čížkovský, Milan